Vlijanije meždunarodnogo i jevropejskogo prava na zakony Slovackoj Respubliky

Vplyv medzinárodného a európskeho práva na zákony Slovenskej republiky. Dohľad Európskej komisie nad národnými orgánmi a spolupráca s nimi. Dve právne tradície v Európe: tradícia kontinentálneho práva a anglosaského práva. "Neutralizácia" národných právnych predpisov na základe vplyvu európskeho prá...

Descrizione completa

Salvato in:
Dettagli Bibliografici
Autore principale: Mráz, Stanislav
Natura: Capitolo di libro
Lingua:russo
Soggetti:
Tags: Aggiungi Tag
Nessun Tag, puoi essere il primo ad aggiungerne!!

MARC

LEADER 00000naa$a2200000$$$4500
001 0182915
005 20240502083429.8
041 0 |a rus 
044 |a RU 
245 1 0 |a Vlijanije meždunarodnogo i jevropejskogo prava na zakony Slovackoj Respubliky  |c Stanislav Mráz 
520 |a Vplyv medzinárodného a európskeho práva na zákony Slovenskej republiky. Dohľad Európskej komisie nad národnými orgánmi a spolupráca s nimi. Dve právne tradície v Európe: tradícia kontinentálneho práva a anglosaského práva. "Neutralizácia" národných právnych predpisov na základe vplyvu európskeho práva na národné právo. 
610 2 0 |a právo štátne 
610 2 0 |a právo verejné medzinárodné 
610 2 0 |a integrácia 
610 2 0 |a spolupráca medzinárodná 
610 2 0 |a Európska únia 
610 2 0 |a Európska komisia 
610 2 0 |a Slovensko 
100 1 |a Mráz, Stanislav